[Event "16th Sants Open 2014"]
[Site "Barcelona ESP"]
[Date "2014.08.23"]
[Round "2.20"]
[White "Gomez Garrido, Camilo Ernesto"]
[Black "Carrasco Rodriguez, Jesus"]
[Result "1-0"]
[WhiteTitle "IM"]
[WhiteElo "2496"]
[BlackElo "2172"]
[WhiteFideId "3507904"]
[BlackFideId "2256142"]
[EventDate "2014.08.22"]

1. d4 d5 2. c4 c6 3. Nf3 Nf6 4. e3 a6 5. Bd3 e6 6. O-O Nbd7 7. Nbd2 Be7 8. b3
O-O 9. Bb2 b6 10. e4 dxe4 11. Nxe4 Bb7 12. Qc2 Qc7 13. c5 b5 14. Ne5 Nd5 15. Qd2
h6 16. f4 f5 17. Nc3 Nxc3 18. Qxc3 Nxe5 19. dxe5 Rad8 20. b4 a5 21. a3 a4 22.
Bb1 Bc8 23. Ba2 Qa7 24. Qf3 Qc7 25. h3 g6 26. Kh1 Kh7 27. Rg1 Bh4 28. g3 Be7 29.
g4 Bh4 30. gxf5 exf5 31. Rg2 Qe7 32. Rag1 1-0

[Event "16th Sants Open 2014"]
[Site "Barcelona ESP"]
[Date "2014.08.23"]
[Round "2.21"]
[White "Rojano Cano, Francisco Jose"]
[Black "Collins, Sam E."]
[Result "0-1"]
[BlackTitle "IM"]
[WhiteElo "2141"]
[BlackElo "2495"]
[WhiteFideId "2221268"]
[BlackFideId "2501198"]
[EventDate "2014.08.22"]

1. e4 e5 2. Nf3 Nc6 3. Bb5 a6 4. Ba4 Nge7 5. c3 g6 6. O-O Bg7 7. d3 O-O 8. Be3
d6 9. Qd2 Bg4 10. Nh4 Kh8 11. f3 Bd7 12. f4 d5 13. f5 gxf5 14. Nxf5 Nxf5 15.
exf5 Bf6 16. Qe2 Rg8 17. Qh5 Bg5 18. Bxg5 Qxg5 19. Qxg5 Rxg5 20. Bb3 Ne7 21. f6
Nf5 22. Nd2 Ne3 23. Rf2 Rag8 24. g3 c6 25. Re1 Ng4 26. Rf3 h5 27. h3 Nh6 28. Kh2
R8g6 29. c4 Be6 30. Nf1 Nf5 31. cxd5 cxd5 32. h4 Nxh4 33. Rfe3 d4 0-1

[Event "16th Sants Open 2014"]
[Site "Barcelona ESP"]
[Date "2014.08.23"]
[Round "2.22"]
[White "Cuartas, Jaime Alexander"]
[Black "Maslov, Ivan"]
[Result "1-0"]
[WhiteTitle "GM"]
[WhiteElo "2489"]
[BlackElo "2163"]
[WhiteFideId "4401190"]
[BlackFideId "24169820"]
[EventDate "2014.08.22"]

1. e4 c5 2. Nf3 Nc6 3. Bb5 e6 4. Bxc6 bxc6 5. e5 Qc7 6. O-O f6 7. Re1 fxe5 8.
Nxe5 Nf6 9. d3 d6 10. Nc4 Be7 11. Bf4 O-O 12. Bg3 g6 13. Bh4 e5 14. Nc3 Be6 15.
Qd2 Rf7 16. f3 Raf8 17. Bg5 Nd7 18. Bxe7 Rxe7 19. Qg5 Ree8 20. b3 d5 21. Nb2 Qd8
22. Qxd8 Rxd8 23. Nca4 Kf7 24. Rac1 Ke7 25. Re2 Kd6 26. c4 Rc8 27. Rec2 Rc7 28.
Nd1 Rfc8 29. Nf2 Nf6 30. Nc3 Re8 31. cxd5 Bxd5 32. Nce4+ Bxe4 33. Nxe4+ Nxe4 34.
dxe4 1-0

[Event "16th Sants Open 2014"]
[Site "Barcelona ESP"]
[Date "2014.08.23"]
[Round "2.23"]
[White "Quirhuayo, Gonzalo"]
[Black "Ducarmon, Quinten"]
[Result "0-1"]
[WhiteTitle "FM"]
[BlackTitle "IM"]
[WhiteElo "2137"]
[BlackElo "2479"]
[WhiteFideId "3813509"]
[BlackFideId "1025007"]
[EventDate "2014.08.22"]

1. e4 c6 2. d4 d5 3. Nc3 dxe4 4. Nxe4 Bf5 5. Ng3 Bg6 6. h4 h6 7. Nf3 e6 8. h5
Bh7 9. Bd3 Bxd3 10. Qxd3 Nf6 11. Ne5 Be7 12. Be3 O-O 13. O-O-O Na6 14. a3 c5 15.
Kb1 Qc7 16. Ne4 Rad8 17. Nxf6+ Bxf6 18. f4 cxd4 19. Bxd4 Bxe5 20. fxe5 Nb8 21.
Qe3 b6 22. g4 Nc6 23. c3 Qe7 24. Rhg1 Qg5 25. Qxg5 hxg5 26. Kc2 Rd5 27. Rge1
Rfd8 28. Re4 f5 29. gxf5 exf5 30. Ree1 Nxd4+ 31. cxd4 Rxd4 32. Rxd4 Rxd4 33. e6
Kf8 34. e7+ Ke8 35. Re6 f4 36. Rg6 f3 37. Rxg5 Rf4 38. Rg1 f2 39. Rf1 Kxe7 40.
Kd3 Kf6 41. h6 gxh6 42. Ke3 Ke5 43. Ke2 Ke4 44. Rxf2 Rxf2+ 45. Kxf2 Kd3 0-1

[Event "16th Sants Open 2014"]
[Site "Barcelona ESP"]
[Date "2014.08.23"]
[Round "2.24"]
[White "Graf, Felix"]
[Black "Stahl, Clement"]
[Result "1-0"]
[WhiteElo "2479"]
[BlackElo "2155"]
[WhiteFideId "24608904"]
[BlackFideId "656879"]
[EventDate "2014.08.22"]

1. d4 d5 2. Nf3 c6 3. Bf4 Qb6 4. b3 Nf6 5. e3 Bg4 6. h3 Bh5 7. Bd3 e6 8. O-O Be7
9. c4 Ne4 10. g4 Bg6 11. Ne5 Ng5 12. Bxg5 Bxg5 13. Nc3 Bf6 14. f4 Bxd3 15. Nxd3
Bxd4 16. exd4 Qxd4+ 17. Kg2 Qxc3 18. cxd5 Nd7 19. Rc1 Qa5 20. dxc6 bxc6 21. Rf2
O-O 22. Rxc6 Nf6 23. Qf3 Rac8 24. Ne5 Nd5 25. Nc4 Qb4 26. Rxc8 Rxc8 27. f5 Qc3
28. fxe6 Qxf3+ 29. Kxf3 fxe6 30. Ke4 Nb6 31. Nxb6 axb6 32. a4 Rc5 33. Rf3 h5 34.
gxh5 Rxh5 35. Kd4 b5 36. axb5 Rxb5 37. Kc4 Rb7 38. b4 Re7 39. b5 e5 40. Kd5 e4
41. Re3 Rb7 42. Kc6 Re7 43. b6 Re6+ 44. Kc5 Kf7 45. b7 Re8 46. Rb3 1-0

[Event "16th Sants Open 2014"]
[Site "Barcelona ESP"]
[Date "2014.08.23"]
[Round "2.25"]
[White "Bartkowiak, Damian"]
[Black "Galliamova, Alisa"]
[Result "0-1"]
[BlackTitle "IM"]
[WhiteElo "2133"]
[BlackElo "2472"]
[WhiteFideId "1117998"]
[BlackFideId "4129725"]
[EventDate "2014.08.22"]

1. d4 d5 2. c4 c6 3. Nf3 Nf6 4. Nc3 e6 5. Bg5 h6 6. Bxf6 Qxf6 7. Qb3 Qd8 8. e3
Nd7 9. O-O-O Be7 10. Bd3 O-O 11. g4 a5 12. Bb1 Re8 13. h4 Nf8 14. g5 a4 15. Nxa4
dxc4 16. Qc2 h5 17. Ne5 Qc7 18. Nc3 b5 19. Ne4 g6 20. Rhg1 Bb7 21. Nf6+ Kg7 22.
Qe2 Bd6 23. Nxh5+ gxh5 24. Qxh5 Bxe5 25. Qh6+ Kg8 26. dxe5 Qxe5 27. Bh7+ Kh8 28.
Bg6+ Kg8 29. Bh7+ Kh8 30. Bg6+ Kg8 31. Bxf7+ Kxf7 32. g6+ Kg8 33. Rd7 Rxa2 0-1

[Event "16th Sants Open 2014"]
[Site "Barcelona ESP"]
[Date "2014.08.23"]
[Round "2.26"]
[White "Cruz, Jonathan"]
[Black "Mende, Andreas"]
[Result "1-0"]
[WhiteTitle "IM"]
[BlackTitle "CM"]
[WhiteElo "2459"]
[BlackElo "2148"]
[WhiteFideId "3802124"]
[BlackFideId "4631102"]
[EventDate "2014.08.22"]

1. c4 g6 2. g3 Bg7 3. Bg2 c5 4. Nf3 Nc6 5. a3 e6 6. d3 Nge7 7. O-O O-O 8. Nbd2
d5 9. Rb1 a5 10. b3 h6 11. Ne1 e5 12. Nc2 Be6 13. b4 dxc4 14. dxc4 axb4 15. axb4
cxb4 16. Nxb4 Qd7 17. Nd3 Bf5 18. Nc5 Qd4 19. Rb5 Ra2 20. e3 Qc3 21. g4 Bc2 22.
Qe2 Nb4 23. Rxb7 Nc8 24. Nde4 Bxe4 25. Nxe4 Qd3 26. Qxd3 Nxd3 27. Rd7 Nb4 28.
Bd2 Nc2 29. c5 f5 30. gxf5 gxf5 31. Nf6+ Kh8 32. Nh5 Rg8 33. Nxg7 Rxg7 34. Rd8+
Kh7 35. Rxc8 Nd4 36. exd4 Rxd2 37. dxe5 f4 38. Kh1 1-0

[Event "16th Sants Open 2014"]
[Site "Barcelona ESP"]
[Date "2014.08.23"]
[Round "2.27"]
[White "Bru Rullo, Llatzer"]
[Black "Huerga Leache, Mikel"]
[Result "1/2-1/2"]
[BlackTitle "IM"]
[WhiteElo "2127"]
[BlackElo "2457"]
[WhiteFideId "22219668"]
[BlackFideId "2268795"]
[EventDate "2014.08.22"]

1. e4 c5 2. Nf3 e6 3. d4 cxd4 4. Nxd4 Nc6 5. Nc3 Qc7 6. Be3 a6 7. Be2 Nf6 8. O-O
Bb4 9. Na4 O-O 10. c4 Be7 11. Nc3 b6 12. Rc1 Nxd4 13. Bxd4 Bd6 14. g3 Bb7 15.
Bf3 Be5 16. Bg2 Rfe8 17. Qd2 Rac8 18. b3 Red8 19. Rfd1 d6 20. h3 h5 21. Qe3 Bxd4
22. Qxd4 h4 23. g4 Kf8 24. Qd2 Qc5 25. Na4 Qc6 26. Qe3 Nd7 27. Qg5 Ne5 28. Qxh4
Ng6 29. Qg5 b5 30. cxb5 Qxb5 31. Nc5 Re8 32. Rxd6 e5 33. Bf1 Qxc5 34. Rxc5 Rxc5
35. Bc4 Rc7 36. f3 Bc8 37. h4 Nf4 38. Kh2 1/2-1/2

[Event "16th Sants Open 2014"]
[Site "Barcelona ESP"]
[Date "2014.08.23"]
[Round "2.28"]
[White "Pardo Simon, David"]
[Black "Menac Comas, Joan Ramon"]
[Result "1-0"]
[WhiteTitle "IM"]
[WhiteElo "2457"]
[BlackElo "2147"]
[WhiteFideId "2296276"]
[BlackFideId "2255308"]
[EventDate "2014.08.22"]

1. d4 d5 2. c4 e6 3. Nc3 c6 4. Nf3 dxc4 5. e3 b5 6. a4 Bb4 7. Bd2 a5 8. axb5
Bxc3 9. Bxc3 cxb5 10. b3 Bb7 11. bxc4 b4 12. Bb2 Nf6 13. c5 O-O 14. Bb5 Qc7 15.
O-O Ng4 16. g3 Nd7 17. c6 Bxc6 18. Rc1 Nb8 19. d5 exd5 20. Qd4 Nf6 21. Ne5 Qxe5
22. Qxe5 Bxb5 23. Rfd1 Nbd7 24. Qd4 Rfb8 25. g4 Be2 26. g5 Bxd1 27. gxf6 Bf3 28.
Qf4 Be4 29. Qg4 Bg6 30. Qxd7 a4 31. Be5 Rd8 32. Qb7 b3 33. fxg7 Bc2 34. Kf1 Bd3+
35. Ke1 Bc4 36. Qb4 a3 37. Ra1 b2 38. Bxb2 axb2 39. Rxa8 Rxa8 40. Qxb2 Ra2 41.
Qe5 Re2+ 42. Kd1 Rxf2 43. Qb8+ 1-0

[Event "16th Sants Open 2014"]
[Site "Barcelona ESP"]
[Date "2014.08.23"]
[Round "2.29"]
[White "Gschwendtner, Klaus"]
[Black "Hoffman, Alejandro"]
[Result "0-1"]
[BlackTitle "GM"]
[WhiteElo "2125"]
[BlackElo "2456"]
[WhiteFideId "4633598"]
[BlackFideId "100340"]
[EventDate "2014.08.22"]

1. e4 c5 2. Nf3 g6 3. c3 Bg7 4. d4 cxd4 5. cxd4 d5 6. e5 Nh6 7. h3 O-O 8. Nc3
Nc6 9. Bd3 Nf5 10. Bxf5 Bxf5 11. O-O Be4 12. Be3 Bxf3 13. Qxf3 e6 14. Qe2 Qh4
15. Qd2 a6 16. Rac1 Rac8 17. Ne2 Qd8 18. Rc2 Qb6 19. Rfc1 Rc7 20. h4 Rfc8 21. b3
Bf8 22. Bg5 Nb4 23. Rxc7 Rxc7 24. Rxc7 Qxc7 25. Nc3 Nc6 26. Ne2 Qa5 27. Qxa5
Nxa5 28. Bd2 Nc6 29. Kf1 Be7 30. g3 f6 31. f4 f5 32. Kf2 Kg7 33. Ke3 Kh6 34. Kf3
Kh5 35. Be1 Bb4 36. Bxb4 Nxb4 37. a4 Nc2 38. a5 Kh6 39. g4 Kg7 0-1

[Event "16th Sants Open 2014"]
[Site "Barcelona ESP"]
[Date "2014.08.23"]
[Round "2.30"]
[White "Munoz Pantoja, Miguel"]
[Black "Tuchenhagen, Axel"]
[Result "1/2-1/2"]
[WhiteTitle "GM"]
[WhiteElo "2451"]
[BlackElo "2145"]
[WhiteFideId "3800229"]
[BlackFideId "4617878"]
[EventDate "2014.08.22"]

1. e4 e5 2. Nf3 Nc6 3. Bc4 Be7 4. d4 d6 5. Bb5 exd4 6. Nxd4 Bd7 7. Bxc6 bxc6 8.
c4 Nf6 9. Nc3 O-O 10. O-O c5 11. Nde2 Bc6 12. f3 Nd7 13. Be3 Nb6 14. b3 Bf6 15.
Qc2 Re8 16. Rad1 Qc8 17. Nf4 g6 18. Rfe1 Bg7 19. Nfd5 Nxd5 20. exd5 Bd7 21. Qd2
Qa6 22. Ne4 Bf5 23. Bg5 Bxe4 24. fxe4 Qc8 25. Qf4 Qd7 26. Qh4 Re5 27. Bf4 Re7
28. Bg5 Re5 29. Bf4 Re7 30. Bg5 Re5 31. Bf4 Re7 1/2-1/2

[Event "16th Sants Open 2014"]
[Site "Barcelona ESP"]
[Date "2014.08.23"]
[Round "2.31"]
[White "Tahay, Alexis"]
[Black "Oliva Castaneda, Kevel"]
[Result "0-1"]
[BlackTitle "FM"]
[WhiteElo "2118"]
[BlackElo "2446"]
[WhiteFideId "26090961"]
[BlackFideId "3500799"]
[EventDate "2014.08.22"]

1. e4 c5 2. Nf3 e6 3. d4 cxd4 4. Nxd4 Nc6 5. Nc3 Qc7 6. g3 a6 7. Bg2 d6 8. O-O
Bd7 9. a4 Be7 10. Nb3 b6 11. f4 Rd8 12. Be3 Nf6 13. g4 Bc8 14. Qf3 Bb7 15. g5
Nd7 16. f5 Nde5 17. Qf2 Qb8 18. Bxb6 Bxg5 19. fxe6 fxe6 20. Bh3 Bc8 21. Bxd8
Bxd8 22. Qg3 Bf6 23. Rxf6 gxf6 24. Kh1 Qc7 25. Rf1 Qf7 26. Qh4 Ke7 27. Qf2 Rg8
28. Nd4 Nxd4 29. Qxd4 Qh5 30. Bf5 Bd7 31. Bxe6 Bxe6 32. Nd5+ Bxd5 33. Qxd5 Qg4 0-1

[Event "16th Sants Open 2014"]
[Site "Barcelona ESP"]
[Date "2014.08.23"]
[Round "2.32"]
[White "Lyrberg, Patrik"]
[Black "O'Donnell, Conor"]
[Result "1-0"]
[WhiteTitle "IM"]
[WhiteElo "2444"]
[BlackElo "2142"]
[WhiteFideId "1701975"]
[BlackFideId "2504243"]
[EventDate "2014.08.22"]

1. d4 d5 2. c4 c6 3. Nf3 Nf6 4. e3 Bf5 5. Nc3 a6 6. cxd5 cxd5 7. Qb3 b5 8. a4 b4
9. Ne2 e6 10. Ng3 Bg6 11. Ne5 Bd6 12. a5 O-O 13. Bd2 Ra7 14. Qa4 Rb7 15. Be2 Ne4
16. Nxe4 Bxe4 17. f3 Bxe5 18. dxe5 Bg6 19. O-O b3 20. Bb4 Re8 21. e4 f6 22. Bd6
fxe5 23. Bxe5 Nd7 24. Bd6 dxe4 25. Bxa6 Ra7 26. Bb5 exf3 27. Rxf3 Bc2 28. Qd4
Qa8 29. Bc5 Nxc5 30. Bxe8 Rxa5 31. Rxa5 Qxa5 32. Bf7+ Kh8 33. Rc3 h6 34. Qxc5
Qa1+ 35. Kf2 Qxb2 36. Qf8+ 1-0

[Event "16th Sants Open 2014"]
[Site "Barcelona ESP"]
[Date "2014.08.23"]
[Round "2.33"]
[White "Locci, Damiano"]
[Black "Cruz, Filemon"]
[Result "0-1"]
[BlackTitle "IM"]
[WhiteElo "2113"]
[BlackElo "2439"]
[WhiteFideId "819751"]
[BlackFideId "3800296"]
[EventDate "2014.08.22"]

1. e4 e5 2. Nf3 Nc6 3. Bb5 Nd4 4. Nxd4 exd4 5. O-O Bc5 6. d3 c6 7. Bc4 d5 8.
exd5 cxd5 9. Bb5+ Bd7 10. Bxd7+ Qxd7 11. Nd2 Ne7 12. Nf3 O-O 13. Bf4 f6 14. Qd2
Nc6 15. c3 Rfe8 16. Nxd4 Bxd4 17. cxd4 Nxd4 18. Rae1 Kf7 19. Bg3 Rac8 20. Rxe8
Rxe8 21. Re1 Rxe1+ 22. Qxe1 Qc6 23. f4 Qc2 24. Qa5 Ne2+ 25. Kf1 Qxd3 26. Qc7+
Kg6 27. f5+ Kh6 28. Kf2 Qe4 29. Bd6 Nd4 30. Bf4+ g5 31. fxg6+ Kxg6 32. h4 Ne6
33. h5+ Kf5 34. Qxh7+ Kxf4 35. g3+ Ke5 36. Qxb7 Qf5+ 37. Ke1 Qxh5 38. Qxa7 Qh1+
39. Kd2 Qg2+ 40. Kc3 Qxg3+ 41. Kb4 Qe1+ 42. Kb5 Qe2+ 43. Kc6 Qc4+ 44. Kd7 d4 45.
a4 Qxa4+ 0-1

[Event "16th Sants Open 2014"]
[Site "Barcelona ESP"]
[Date "2014.08.23"]
[Round "2.34"]
[White "Cori T., Deysi"]
[Black "Urriza Iricibar, Pablo"]
[Result "1-0"]
[WhiteTitle "WGM"]
[WhiteElo "2422"]
[BlackElo "2140"]
[WhiteFideId "3801934"]
[BlackFideId "22252908"]
[EventDate "2014.08.22"]

1. d4 c5 2. e3 Nf6 3. Nf3 g6 4. c3 Bg7 5. dxc5 O-O 6. b4 a5 7. Bb2 b6 8. cxb6
Qxb6 9. b5 Ne4 10. a4 Na6 11. Be2 Nac5 12. O-O d5 13. Nd4 Bb7 14. Nd2 Bxd4 15.
cxd4 Nd7 16. Nxe4 dxe4 17. Ba3 Qe6 18. Rc1 Rfc8 19. Bc5 Bd5 20. Qd2 Bb3 21. Qb2
Nxc5 22. dxc5 Rab8 23. Qa3 h5 24. c6 Bd5 25. Rfd1 Qe5 26. Qc5 e6 27. Bc4 1-0

[Event "16th Sants Open 2014"]
[Site "Barcelona ESP"]
[Date "2014.08.23"]
[Round "2.35"]
[White "Sanchez Lopez, Juan Manuel"]
[Black "Mascaro March, Pedro"]
[Result "1/2-1/2"]
[BlackTitle "IM"]
[WhiteElo "2111"]
[BlackElo "2417"]
[WhiteFideId "2227037"]
[BlackFideId "2217570"]
[EventDate "2014.08.22"]

1. c4 Nf6 2. g3 e6 3. Bg2 d5 4. cxd5 exd5 5. d4 c6 6. Nf3 Bf5 7. Nc3 h6 8. O-O
Nbd7 9. Ne5 Be7 10. f4 Bb4 11. e3 Bh7 12. g4 Bxc3 13. bxc3 Be4 14. Ba3 Bxg2 15.
Kxg2 Ne4 16. Qb3 Nxe5 17. fxe5 Qd7 18. Rf4 O-O-O 19. Qa4 a6 20. Qb4 h5 21. Qb6
hxg4 22. Qa7 g3 23. h4 Qc7 24. Rb1 f6 25. Rxe4 dxe4 26. Bd6 Rxd6 27. exd6 Qb8
28. d7+ Kc7 29. Qb6+ Kxd7 30. Qxb7+ Qxb7 31. Rxb7+ Kd6 32. Kxg3 g5 33. hxg5 fxg5
34. c4 Rh1 1/2-1/2

[Event "16th Sants Open 2014"]
[Site "Barcelona ESP"]
[Date "2014.08.23"]
[Round "2.36"]
[White "Lorenzo De La Riva, Lazaro"]
[Black "Relea, Nicolas"]
[Result "0-1"]
[WhiteTitle "IM"]
[WhiteElo "2415"]
[BlackElo "2136"]
[WhiteFideId "2268809"]
[BlackFideId "618632"]
[EventDate "2014.08.22"]

1. Nf3 e6 2. g3 b6 3. Bg2 Bb7 4. O-O f5 5. d3 Nf6 6. Nc3 Be7 7. e4 fxe4 8. Ng5
O-O 9. Ngxe4 Nxe4 10. dxe4 Ba6 11. Re1 Bg5 12. Be3 Bxe3 13. Rxe3 Nc6 14. h3 Ne5
15. b3 Qe7 16. Qd2 Nc6 17. e5 Rad8 18. Rae1 Qc5 19. Na4 Qd4 20. Qc1 Qb4 21. f4
Qe7 22. Nc3 Nd4 23. Ne4 Nf5 24. Rc3 d5 25. exd6 cxd6 26. Qa3 Bc8 27. Rd3 Qc7 28.
c3 d5 29. Ng5 Rfe8 30. Kh2 h6 31. Nf3 Nd6 32. Ne5 Nf7 33. Qb4 Nd6 34. h4 a5 35.
Qd4 Nf5 36. Qf2 Ba6 37. Rf3 d4 38. g4 Ne3 39. Rfxe3 dxe3 40. Rxe3 Bb7 41. g5
Bxg2 42. Qxg2 Rf8 43. gxh6 Rxf4 44. Kh3 Rf5 45. Ng4 e5 46. hxg7 Rd6 47. Rg3 Qc8
48. Qb7 Qxb7 0-1

[Event "16th Sants Open 2014"]
[Site "Barcelona ESP"]
[Date "2014.08.23"]
[Round "2.37"]
[White "Corsino, Gianluca"]
[Black "Gomez Ledo, Roberto Carlos"]
[Result "1/2-1/2"]
[BlackTitle "IM"]
[WhiteElo "2110"]
[BlackElo "2411"]
[WhiteFideId "816930"]
[BlackFideId "3507076"]
[EventDate "2014.08.22"]

1. d4 d5 2. c4 c6 3. cxd5 cxd5 4. Nc3 Nf6 5. Bf4 a6 6. e3 e6 7. Nf3 Nc6 8. Rc1
Bd6 9. Bxd6 Qxd6 10. a3 O-O 11. Bd3 Bd7 12. O-O Rac8 13. b4 e5 14. b5 e4 15.
bxc6 Bxc6 16. Ne5 exd3 17. Qxd3 Nd7 18. Nxc6 Rxc6 19. Ne2 Rfc8 20. g3 g6 21. Qb3
b5 22. Rxc6 Rxc6 23. Nf4 Nb6 24. Nd3 Nc4 25. Ra1 Qe6 26. Nc5 Qg4 27. a4 Rf6 28.
axb5 axb5 29. Qxb5 Qf3 30. Qe8+ Kg7 1/2-1/2

[Event "16th Sants Open 2014"]
[Site "Barcelona ESP"]
[Date "2014.08.23"]
[Round "2.38"]
[White "Valdes Romero, Leonardo"]
[Black "Go, Benjamin"]
[Result "1-0"]
[WhiteTitle "IM"]
[WhiteElo "2406"]
[BlackElo "2133"]
[WhiteFideId "6500331"]
[BlackFideId "1014560"]
[EventDate "2014.08.22"]

1. Nf3 Nf6 2. g3 d5 3. Bg2 c6 4. O-O g6 5. b3 Bg7 6. Bb2 O-O 7. c4 Nbd7 8. Qc2
b6 9. d3 Re8 10. Ne5 Bb7 11. Nd2 Nxe5 12. Bxe5 Nd7 13. Bxg7 Kxg7 14. Qb2+ f6 15.
d4 e6 16. e4 Qe7 17. Rfe1 Qd6 18. Rac1 Rad8 19. b4 a6 20. c5 bxc5 21. bxc5 Qc7
22. Qa3 f5 23. exd5 exd5 24. Nf3 h6 25. Rb1 a5 26. Bf1 Ra8 27. Qc1 Nf6 28. Qf4
Re7 29. Rb6 Ne4 30. Qc1 Ra7 31. Ne5 Re6 32. h4 Bc8 33. Qf4 g5 34. Qc1 Kf6 35.
Bd3 Bd7 36. Kg2 Rxe5 37. dxe5+ Qxe5 38. hxg5+ hxg5 39. Qd1 Be8 40. Bxe4 dxe4 41.
Rh1 Rd7 42. Rxc6+ Kg7 43. Rd6 Rc7 44. Rh5 e3 45. Rxg5+ Kf8 46. fxe3 Rxc5 47. Qd4
Rc2+ 48. Kf3 Qxd4 49. exd4 Ke7 50. Rh6 Bc6+ 51. Ke3 Be4 52. Rg7+ Kf8 53. Ra7
Rxa2 54. Rh8# 1-0

[Event "16th Sants Open 2014"]
[Site "Barcelona ESP"]
[Date "2014.08.23"]
[Round "2.39"]
[White "Mayr, Florian"]
[Black "Aloma Vidal, Robert"]
[Result "0-1"]
[BlackTitle "IM"]
[WhiteElo "2103"]
[BlackElo "2403"]
[WhiteFideId "24612219"]
[BlackFideId "2260409"]
[EventDate "2014.08.22"]

1. e4 d5 2. e5 c5 3. g3 Nc6 4. f4 h5 5. Nf3 Nh6 6. Nc3 Bg4 7. h3 Bxf3 8. Qxf3
Nf5 9. Bd3 e6 10. Bxf5 Nd4 11. Qg2 Nxf5 12. d3 Be7 13. Bd2 Nxg3 14. Rg1 Nf5 15.
O-O-O Qb6 16. Kb1 O-O-O 17. Bc1 Kb8 18. Qf3 Rc8 19. Ne2 Rc6 20. Nc3 c4 21. d4 g6
22. Nxd5 exd5 23. Qxd5 c3 24. b3 Rf8 25. Qe4 Qa5 26. a4 Qb4 27. Rge1 Rc4 28. Be3
Rd8 29. e6 f6 30. Bc1 Rcxd4 31. Rxd4 Qxd4 32. Qg2 Nh4 33. Qg3 f5 34. Be3 Qd5 35.
Bc1 Qf3 36. Qg1 Qd5 37. Qg3 Nf3 38. Re3 Nd2+ 39. Ka2 Ne4 40. Rxe4 Qxe4 0-1

[Event "16th Sants Open 2014"]
[Site "Barcelona ESP"]
[Date "2014.08.23"]
[Round "2.40"]
[White "Jorczik, Julian"]
[Black "De Seroux, Camille"]
[Result "1-0"]
[WhiteTitle "IM"]
[BlackTitle "WFM"]
[WhiteElo "2399"]
[BlackElo "2129"]
[WhiteFideId "24611719"]
[BlackFideId "1305620"]
[EventDate "2014.08.22"]

1. d4 Nf6 2. c4 g6 3. Nc3 Bg7 4. Bg5 d6 5. Nf3 h6 6. Bh4 g5 7. Bg3 Nh5 8. e3 c5
9. d5 Qa5 10. Qc2 Nd7 11. Be2 Nb6 12. Nd2 Nxg3 13. hxg3 Bd7 14. Rc1 Na4 15. Nd1
b5 16. cxb5 Bxb5 17. b3 Bxe2 18. Kxe2 Nb6 19. e4 e6 20. Ne3 Rb8 21. Ndc4 Qa6 22.
dxe6 fxe6 23. Rhd1 Nxc4 24. Nxc4 d5 25. exd5 exd5 26. Rxd5 Qe6+ 27. Ne3 O-O 28.
Rxc5 Bd4 29. Qc4 Rxf2+ 30. Kxf2 Bxe3+ 31. Ke2 Qxc4+ 32. R1xc4 Bxc5 33. Rxc5 Rb7
34. Kf3 Rd7 35. Ra5 Kg7 36. Kg4 Kf6 37. Ra6+ Kg7 38. Kh5 Rd2 39. Rxa7+ Kf6 40.
Ra6+ Kf5 41. g4+ Kf4 42. Ra4+ Kg3 43. Kxh6 Rd5 44. Kh5 Kxg2 45. Rb4 Kf3 46. a4 1-0

[Event "16th Sants Open 2014"]
[Site "Barcelona ESP"]
[Date "2014.08.23"]
[Round "2.41"]
[White "Serarols Mabras, Bernat"]
[Black "Perpinya Rofes, Lluis Maria"]
[Result "0-1"]
[BlackTitle "IM"]
[WhiteElo "2094"]
[BlackElo "2391"]
[WhiteFideId "2238276"]
[BlackFideId "2208598"]
[EventDate "2014.08.22"]

1. d4 Nf6 2. c4 g6 3. Nc3 Bg7 4. Nf3 O-O 5. Bf4 d6 6. e3 c5 7. d5 Qb6 8. Qc2 e6
9. Bd3 Na6 10. a3 e5 11. Bg3 Nh5 12. Nd2 Qd8 13. Be2 Nxg3 14. hxg3 f5 15. g4
fxg4 16. Nde4 Nc7 17. O-O-O Bf5 18. f3 gxf3 19. gxf3 a6 20. Rdg1 b5 21. Bd3 bxc4
22. Bxc4 Nb5 23. Bxb5 axb5 24. Qh2 h6 25. Nxb5 Bxe4 26. fxe4 Kh7 27. Qg3 Rf6 28.
Rh2 Qb6 29. Rf2 Raf8 30. Nc3 Qb7 31. Rxf6 Rxf6 32. a4 Qa6 33. Kc2 h5 34. Qg5
Rf2+ 35. Kb3 Rf6 36. Kc2 Qc4 37. Rg2 Qf1 38. Qg3 c4 39. Re2 Bh6 40. Qe1 Qxe1 41.
Rxe1 Rf2+ 42. Kc1 h4 43. a5 h3 44. Nd1 Rg2 45. a6 h2 46. a7 Rg1 47. Rxg1 hxg1=Q
48. a8=Q Bxe3+ 49. Kc2 Qg2+ 50. Kb1 Qxe4+ 51. Ka2 Bd4 52. Qb7+ Kh6 53. Qf7 Qc2
54. Qf8+ Kg5 55. Qe7+ Kg4 56. Qxd6 Qb3+ 0-1

[Event "16th Sants Open 2014"]
[Site "Barcelona ESP"]
[Date "2014.08.23"]
[Round "2.42"]
[White "Sanchez, Sebastian Felipe"]
[Black "Fernandez Madrid, Carlos"]
[Result "1-0"]
[WhiteTitle "IM"]
[WhiteElo "2391"]
[BlackElo "2125"]
[WhiteFideId "4403304"]
[BlackFideId "2206030"]
[EventDate "2014.08.22"]

1. d4 g6 2. Nf3 Bg7 3. c3 d6 4. Bg5 c6 5. Nbd2 h6 6. Bh4 Nd7 7. e4 Qc7 8. Bd3
Ngf6 9. O-O O-O 10. Re1 e5 11. a4 b6 12. b4 a5 13. b5 Bb7 14. bxc6 Bxc6 15. Bxf6
Bxf6 16. Nc4 b5 17. axb5 Bxb5 18. Ncxe5 Bxd3 19. Nxd7 Qxd7 20. Qxd3 a4 21. Ra3
Rfb8 22. Rea1 Be7 23. d5 Rb2 24. Nd4 Bg5 25. g3 Rd2 26. Qf3 h5 27. Nc6 Qb7 28.
h4 Bh6 29. Rxa4 Rxa4 30. Rxa4 Qb1+ 31. Kg2 Qe1 32. Ra7 f5 33. Ne7+ 1-0

[Event "16th Sants Open 2014"]
[Site "Barcelona ESP"]
[Date "2014.08.23"]
[Round "2.43"]
[White "Granaldi, Alessandro"]
[Black "Martinez Romero, Martin"]
[Result "0-1"]
[BlackTitle "IM"]
[WhiteElo "2089"]
[BlackElo "2387"]
[WhiteFideId "816361"]
[BlackFideId "4404025"]
[EventDate "2014.08.22"]

1. d4 Nf6 2. Nf3 g6 3. Nc3 Bg7 4. e4 d6 5. Be3 O-O 6. Qd2 c6 7. Bh6 b5 8. Bd3
Nbd7 9. h4 e5 10. h5 Nxh5 11. g4 Nf4 12. Bxg7 Kxg7 13. dxe5 dxe5 14. Nxe5 Nxe5
15. Qxf4 Qg5 16. Qxg5 Nf3+ 17. Ke2 Nxg5 18. f4 Bxg4+ 19. Ke3 Ne6 20. Rag1 f5 21.
e5 Rad8 22. a4 b4 23. Na2 a5 24. Nc1 Nc5 25. b3 Ne6 26. Bc4 Nd4 27. Bd3 h5 28.
Rg3 Rfe8 29. Rh2 Re7 30. Bc4 h4 0-1